| 000 | 00541nam a2200193Ia 4500 | ||
|---|---|---|---|
| 999 |
_c34033 _d34033 |
||
| 003 | OSt | ||
| 005 | 20201123111236.0 | ||
| 008 | 190216s9999||||xx |||||||||||||| ||und|| | ||
| 020 | _a9812531955 | ||
| 040 | _coclc | ||
| 082 |
_a530.15 _bBOA/M |
||
| 100 |
_aBoas, Mary L _96844 |
||
| 245 | 0 |
_aMathematical Methods In The Physical Sciences / _cMary L Boas |
|
| 250 | _a3rd Ed. | ||
| 260 |
_bWiley India, _aNew Delhi: _c2005. |
||
| 300 | _a839p | ||
| 650 | _aPhysics | ||
| 942 |
_cBK _2ddc _h530.15 _iBOA/M _k530.15 _mBOA/M |
||